000 01080nam a2200229Ia 4500
001 L227-5455
003 IT-CnALBA
008 170116s9999||||xx |||||||||||||| ||und||
040 _aIT-CnALBA
_cIT-CnALBA
041 _aPOLIGLOTTA
100 _aPAOLO, APOSTOLO E SANTO
245 0 _aLA SACRA BIBBIA. LE EPISTOLE PASTORALI DI S. PAOLO A TIMOTEO E A TITO.
250 _a1a ed.
260 _a TORINO - ROMA
_bMARIETTI EDITORE
_c1952 [1° Ed.:1952 - Ed.Ling.Originale: 1952]
300 _a258 p. (prefazione: 5)
500 _aCURATORE DE AMBROGGI PIETRO. VOLGATA LATINA E TRADUZIONE ITALIANA DAI TESTI ORIGINALI. ILLUSTRATE CON NOTE CRITICHE E COMMENTO. DIRETTORE SALVATORE GAROFALO.
501 _aSocietà San Paolo EM - Piazza San Paolo, 14 - 12051 ALBA (CN) (non commercial uses only) ® Copyright 2017
520 _aCURATORE DE AMBROGGI PIETRO. VOLGATA LATINA E TRADUZIONE ITALIANA DAI TESTI ORIGINALI. ILLUSTRATE CON NOTE CRITICHE E COMMENTO. DIRETTORE SALVATORE GAROFALO.
650 _aLETTERE DI S. PAOLO - LETTERE CATTOLIC
942 _cBK
957 _71
999 _a6434
_bNO
_g Copie: 1
_c264641
_d264641